000 00468nam a2200181Ia 4500
001 11604
005 20260306162840.0
008 260306t2012||||xx |||||||||||||| ||spa||
041 _aESP
082 _a985.4
_bR71
100 _aRobinson, David J.
_eAUT
245 0 _aCollaguas I:
_bvisitas de Yanque - Collaguas, 1591 y documentos asociados
260 _c2012
300 _a490 páginas :
_c24 cm.
650 _aGEN
654 _aCHU
942 _cLIB
_dJUS
_fJUS
_2ddc
_n
999 _c11604
_d11604